[Event "RB-2011-0-00128"]
[Site "LSS email"]
[Date "2011.08.22"]
[Round "?"]
[White "Janosi, Ervin"]
[Black "Ciornenkiy, Andrian"]
[Result "1-0"]
[WhiteElo "2025"]
[BlackElo "1753"]
[PlyCount "65"]
[EventDate "2011.07.28"]
[EventType "tourn (corr)"]
[EventRounds "6"]
[EventCountry "GER"]
[SourceTitle "Telechess CBM 151"]
[Source "ChessBase"]
[SourceDate "2012.11.13"]
[SourceVersion "1"]
[SourceVersionDate "2012.11.13"]
[SourceQuality "1"]

1. d4 d5 2. c4 e6 3. Nc3 Nf6 4. cxd5 exd5 5. Bg5 c6 6. e3 Bd6 7. Bd3 0-0 8. Qc2 h6 9. Bh4 Be6 10. Nge2 Re8 11. h3 Qe7 12. 0-0 Nbd7 13. Rae1 Bc7 14. f4 Nf8 15. Ng3 Ng6 16. Bxf6 Qxf6 17. Nh5 Qh4 18. Bxg6 fxg6 19. Qxg6 Qe7 20. f5 Qf7 21. Qg4 Bd7 22. e4 dxe4 23. Nxe4 Kh8 24. Qf3 Rf8 25. f6 g6 26. Nc5 Rae8 27. Rxe8 Rxe8 28. Ng7 Rf8 29. Qe3 Kh7 30. Nxd7 Qxd7 31. Ne6 Rf7 32. Nxc7 Qxc7 33. Qe8 1-0

[Event "OP-2011-0-01585"]
[Site "LSS email"]
[Date "2011.06.11"]
[Round "?"]
[White "Ciornenkiy, Andrian"]
[Black "Aalderink, Gerwin"]
[Result "0-1"]
[WhiteElo "1753"]
[BlackElo "2115"]
[PlyCount "36"]
[EventDate "2011.06.07"]
[EventType "tourn (corr)"]
[EventRounds "4"]
[EventCountry "GER"]
[SourceTitle "Telechess CBM 151"]
[Source "ChessBase"]
[SourceDate "2012.11.13"]
[SourceVersion "1"]
[SourceVersionDate "2012.11.13"]
[SourceQuality "1"]

1. e4 c6 2. d4 d5 3. Nc3 dxe4 4. Nxe4 Nd7 5. Nf3 Ngf6 6. Ng3 e6 7. Bd3 Bd6 8. 0-0 0-0 9. Qe2 Qc7 10. Ne4 Nxe4 11. Qxe4 Nf6 12. Qh4 Be7 13. Bg5 h5 14. Rae1 Rd8 15. c3 c5 16. Ne5 Rd5 17. Re3 Kf8 18. Rd1 cxd4 0-1

[Event "OP-2011-0-01585"]
[Site "LSS email"]
[Date "2011.06.11"]
[Round "?"]
[White "Pech, Matej"]
[Black "Ciornenkiy, Andrian"]
[Result "1-0"]
[WhiteElo "783"]
[BlackElo "1753"]
[PlyCount "26"]
[EventDate "2011.06.07"]
[EventType "tourn (corr)"]
[EventRounds "4"]
[EventCountry "GER"]
[SourceTitle "Corr 2015"]
[Source "ChessBase"]
[SourceDate "2015.07.17"]
[SourceVersion "1"]
[SourceVersionDate "2015.07.17"]
[SourceQuality "1"]

1. d4 d5 2. c4 e6 3. Nc3 Nf6 4. Nf3 Be7 5. Bf4 0-0 6. e3 c6 7. h3 Nbd7 8. Qc2 a6 9. Rd1 b5 10. c5 b4 11. Nb1 a5 12. a3 Ne4 13. Nbd2 Nxd2 1-0

[Event "SB-2011-0-00152"]
[Site "LSS email"]
[Date "2011.05.20"]
[Round "?"]
[White "Ciornenkiy, Andrian"]
[Black "Cardoso Garcia, Sergio"]
[Result "0-1"]
[WhiteElo "1753"]
[BlackElo "2020"]
[PlyCount "53"]
[EventDate "2011.05.05"]
[EventType "tourn (corr)"]
[EventRounds "6"]
[EventCountry "GER"]
[SourceTitle "Telechess CBM 149"]
[Source "ChessBase"]
[SourceDate "2012.07.17"]
[SourceVersion "1"]
[SourceVersionDate "2012.07.17"]
[SourceQuality "1"]

1. d4 Nf6 2. c4 e5 3. dxe5 Ng4 4. Nc3 Nxe5 5. e3 Bb4 6. Bd2 Nbc6 7. f4 Ng6 8. a3 Bxc3 9. Bxc3 0-0 10. Qh5 d6 11. Nf3 Re8 12. Kf2 Qe7 13. Re1 f6 14. Bd3 Qf7 15. Nd4 Bd7 16. Rhf1 Nxd4 17. exd4 f5 18. g3 Ne7 19. Qxf7+ Kxf7 20. d5 Ng8 21. Rxe8 Rxe8 22. Re1 g6 23. b4 Rxe1 24. Bxe1 Ba4 25. Ke3 Bd1 26. Kd2 Bf3 27. Bf2 0-1

[Event "OP-2011-0-01401"]
[Site "LSS email"]
[Date "2011.02.11"]
[Round "?"]
[White "Ciornenkiy, Andrian"]
[Black "Signes Almodovar, Salvador"]
[Result "0-1"]
[WhiteElo "1797"]
[BlackElo "2071"]
[PlyCount "66"]
[EventDate "2011.02.06"]
[EventType "tourn (corr)"]
[EventRounds "4"]
[EventCountry "GER"]
[SourceTitle "Telechess CBM 147"]
[Source "ChessBase"]
[SourceDate "2012.03.16"]
[SourceVersion "1"]
[SourceVersionDate "2012.03.16"]
[SourceQuality "1"]

1. e4 e5 2. Nf3 Nf6 3. Nxe5 d6 4. Nf3 Nxe4 5. d4 d5 6. Bd3 Bd6 7. 0-0 0-0 8. c4 c6 9. Re1 Bf5 10. Qc2 Na6 11. a3 Bg6 12. c5 Bb8 13. Nbd2 f5 14. b4 Nc7 15. Ne5 Ne6 16. Nxg6 hxg6 17. Nf3 g5 18. Be3 g4 19. Ne5 Qh4 20. g3 Qh5 21. Nd7 Rf7 22. Bxe4 fxe4 23. Nxb8 Rxb8 24. Kh1 g6 25. Rg1 Rbf8 26. Qd2 Ng5 27. f4 gxf3 28. g4 Qh7 29. Bxg5 f2 30. Rgf1 Qh3 31. Qe2 Rf3 32. Qb2 Rb3 33. Qa2 Qf3# 0-1

[Event "LSS SB-2010-0-00128"]
[Site "LSS email"]
[Date "2011.01.12"]
[Round "?"]
[White "Herzog, Klaus"]
[Black "Ciornenkiy, Andrian"]
[Result "1/2-1/2"]
[WhiteElo "1791"]
[BlackElo "1753"]
[PlyCount "63"]
[EventDate "2010.12.19"]
[EventType "tourn (corr)"]
[EventRounds "6"]
[EventCountry "GER"]
[SourceTitle "Telechess CBM 149"]
[Source "ChessBase"]
[SourceDate "2012.07.17"]
[SourceVersion "1"]
[SourceVersionDate "2012.07.17"]
[SourceQuality "1"]

1. d4 d5 2. c4 e6 3. Nc3 Nf6 4. cxd5 exd5 5. Bg5 Be7 6. e3 0-0 7. Bd3 c6 8. Qc2 h6 9. Bh4 Be6 10. Nge2 c5 11. a3 c4 12. Bxf6 Bxf6 13. Bh7+ Kh8 14. Bf5 Qd7 15. Bxe6 fxe6 16. b3 cxb3 17. Qxb3 Nc6 18. Nf4 Qf7 19. Nce2 Kg8 20. 0-0 g5 21. Nd3 Na5 22. Qa4 Nc4 23. Ra2 Bd8 24. Rc1 Ba5 25. h3 Rac8 26. Qb3 Qh7 27. Rac2 Nd2 28. Qb2 Rxc2 29. Qxc2 Nc4 30. Qb3 Qf7 31. Nc3 b6 32. a4 1/2-1/2